Comentarios al Cd̤igo civil y compilaciones forales

Detalles Bibliográficos
Otros Autores: Albaladejo Garca̕, Manuel (Conductor), Garcimartn̕ Alfřez, Francisco J, Lalaguna Domn̕guez, Enrique (Compilador)
Formato: Desconocido
Lenguaje:español
Publicado: [Madrid] : Edersa, 1995
Edición:2® ed
Materias:
Acceso en línea:Acceso restringido

MARC

LEADER 00000ny a22000003n 4500
005 20110524141049.0
008 080716s1995 sp s 000 0 spa c
020 |a 8471308266 
035 |a 462 
040 |a UMA.RE  |d vLex 
080 |a 347(460) 
090 |c 229  |d 229 
245 0 0 |a Comentarios al Cd̤igo civil y compilaciones forales  |h [Recurso electrn̤ico]  |c dirigidos por Manuel Albaladejo 
250 |a 2® ed 
256 |a Servicio en ln̕ea 
260 |a [Madrid] :  |b Edersa,  |c 1995 
300 |a XVII, 931 p. ;  |c 23 cm 
505 0 |t Tomo I, Vol. 2, Artc̕ulos 8 a 16 del Cd̤igo civil /  |r comentados por Enrique Lalaguna Domn̕guez, Francisco J. Garcimartn̕ Alfřez 
506 1 |a Contenido solo disponible en los productos indicados  |d vLex Global  |d vLex Global (Academic Edition, excluding Law Schools)  |d vLex Global (U.S. Academic Edition, Law Schools)  |d vLex Global (U.S. Academic Edition, excluding Law Schools)  |d vLex Global (Academic Edition, Law Schools) 
650 0 4 |2 Tesauro vLex  |a Civil 
650 0 4 |2 Tesauro vLex  |a Cd̤igo civil 
650 0 4 |2 Tesauro vLex  |a Derecho internacional 
650 0 4 |2 Tesauro vLex  |a Derecho internacional privado 
650 0 4 |2 Tesauro vLex  |a Fuentes del derecho Civil 
700 1 |a Albaladejo Garca̕, Manuel,  |e dir 
700 1 |a Garcimartn̕ Alfřez, Francisco J 
700 1 |a Lalaguna Domn̕guez, Enrique,  |e com 
740 0 |a vLex Libros (Servicios en ln̕ea) 
856 4 0 |z Acceso restringido  |u http://vlex.com/source/462 
942 |c BOOK 
999 0 |a International law  |b Spain